000 00326nam a22001337a 4500
008 181107b xxu||||| |||| 00| 0 eng d
020 _a9780743294089
041 _aeng
080 _a941
100 _a16
101 _aHIS
245 _aThe Graet Exdperiment The Story Of Ancient Emperies
_cTalbot.S
942 _2udc
_cBK
999 _c52057
_d52057